000 01358nam a2200313 i 4500
001 196584
003 ES-MaACL
005 20250625063213.0
007 ta
008 241007b1967 sp ||||| |||| 00| 0 spa d
017 _aM Sep. 3875/1958
040 _bspa
_cES-MaACL
_dES-MaACL
100 1 _aGarciasol, Ramón de,
_d1913-1994
_eaut
_9236221
245 _aMusas de carne y hueso /
_cRamón de Garciasol
260 _a[Madrid :
_bs.n.],
_c1967.
_f(Imp. Boletín Oficial del Estado)
300 _a14 p. ;
_c24 cm
336 _2rdacontent
_atexto
337 _2rdamedia
_asin mediación
338 _2rdacarrier
_avolumen
500 _aTirada aparte de la revista "Cuadernos hispanoamericanos" n.º 212-213
600 1 4 _942720
_aDarío, Rubén,
_d1867-1916
600 1 4 _9111982
_aUnamuno, Miguel de,
_d1864-1936
852 _aES-MaACL
_cDEPOF
_jFOLL-BUE-41
_gDedicatoria manuscrita del autor, Ramón de Garciasol, para Antonio Buero Vallejo en cubierta reverso: "Para Victoria y Toni, tan fraternos, estas palabras que les llevan el abrazo y la devoción de su [Firma]"
_hLegado: Antonio Buero Vallejo
_9204303
903 _932421
_aBuero Vallejo, Antonio,
_q1
_d1916-2000
_ednr
942 _n0
_cFOLLETOS
999 _c196584
_d196584